<Die> Europäische Gemeinschaft Entwicklung, Zwischenbilanz und Perspektiven zum Binnenmarkt 1992
Na minha lista:
| Autor principal: | |
|---|---|
| Formato: | Livro |
| Idioma: | alemão |
| Publicado em: |
Opladen
Leske und Budrich
1989
|
| Edição: | 1. Aufl. |
| Assuntos: | |
| Tags: |
Sem tags, seja o primeiro a adicionar uma tag!
|
MARC
| LEADER | 00000nam a2200000 4500 | ||
|---|---|---|---|
| 001 | c000649 | ||
| 005 | 20221215125306.4 | ||
| 020 | |a 3-8100-0765-X | ||
| 041 | 0 | |a ger | |
| 044 | |a DE | ||
| 245 | 1 | 0 | |a <Die> Europäische Gemeinschaft |b Entwicklung, Zwischenbilanz und Perspektiven zum Binnenmarkt 1992 |c Henrik Uterwedde |
| 250 | |a 1. Aufl. | ||
| 264 | 1 | |a Opladen |b Leske und Budrich |c 1989 | |
| 300 | |a 170 s. | ||
| 610 | 2 | 0 | |a Európske spoločenstvá |
| 610 | 2 | 0 | |a trh vnútorný |
| 610 | 2 | 0 | |a politika poľnohospodárska |
| 610 | 2 | 0 | |a politika priemyselná |
| 610 | 2 | 0 | |a technológie nové |
| 610 | 2 | 0 | |a prostredie životné |
| 610 | 2 | 0 | |a mena |
| 610 | 2 | 0 | |a únie menové |
| 610 | 2 | 0 | |a politika sociálna |
| 610 | 2 | 0 | |a Európsky parlament |
| 610 | 2 | 0 | |a USA |
| 610 | 2 | 0 | |a krajiny rozvojové |
| 610 | 2 | 0 | |a integrácia ekonomická medzinárodná |
| 100 | 1 | |a Uterwedde, Henrik | |